Výmena daňových informácií v štátoch Európskej únie

Uskutočňovanie medzinárodnej pomoci a spolupráce pri výmene informácií medzi štátmi Európskej únie. Medzinárodná výmena daňových informácií medzi príslušnými orgánmi zmluvných štátov. Výmena informácií na požiadanie. Spontánna výmena informácií. Pravidelná výmena informácií. Súhrnný výkaz a výmena...

Descrizione completa

Salvato in:
Dettagli Bibliografici
Autore principale: Schultzová, Anna
Natura: Capitolo di libro
Lingua:slovacco
Soggetti:
Tags: Aggiungi Tag
Nessun Tag, puoi essere il primo ad aggiungerne!!

MARC

LEADER 00000naa$a2200000$$$4500
001 0027196
005 20240502083123.0
041 0 |a slo 
044 |a CZ 
245 1 0 |a Výmena daňových informácií v štátoch Európskej únie  |c Anna Schultzová 
520 |a Uskutočňovanie medzinárodnej pomoci a spolupráce pri výmene informácií medzi štátmi Európskej únie. Medzinárodná výmena daňových informácií medzi príslušnými orgánmi zmluvných štátov. Výmena informácií na požiadanie. Spontánna výmena informácií. Pravidelná výmena informácií. Súhrnný výkaz a výmena informácií v oblasti štatistiky zahraničného obchodu. 
610 2 0 |a výmena informácií 
610 2 0 |a informácie 
610 2 0 |a dane 
610 2 0 |a spolupráca medzinárodná 
610 2 0 |a úrady daňové 
610 2 0 |a úrady finančné 
610 2 0 |a zmluvy medzinárodné 
610 2 0 |a Európska únia 
610 2 0 |a Európske spoločenstvá 
610 2 0 |a pomoc medzinárodná 
610 2 0 |a štatistika colná 
610 2 0 |a správa daňová 
100 1 |a Schultzová, Anna